Bases de la educación : (Record no. 5411)

MARC details
000 -CABECERA
campo de control de longitud fija 00720nam a2200169 a 4500
005 - FECHA Y HORA DE LA ÚLTIMA TRANSACCIÓN
campo de control 20210223120701.0
008 - ELEMENTOS DE LONGITUD FIJA--INFORMACIÓN GENERAL
campo de control de longitud fija 991125s1979 mx 000 0 spa u
035 ## - NÚMERO DE CONTROL DEL SISTEMA
Número de control de sistema UPN01000005411
049 ## - COLECCIÓN
Colección CG
050 #4 - SIGNATURA TOPOGRÁFICA DE LA BIBLIOTECA DEL CONGRESO
Número de clasificación LC1144 G9
Número de documento/Ítem B3
110 1# - ASIENTO PRINCIPAL--NOMBRE CORPORATIVO
Nombre de entidad corporativa o nombre de jurisdicción como elemento de entrada Guatemala.
Título de la obra [Legislación educativa]
245 10 - MENCIÓN DE TÍTULO
Título Bases de la educación :
Resto del título 15 de sep. de 1965 y ; Decreto legislativo no. 1485, capítulo de la dignificación y catalogación del magisterio nacional : 13 de sep. de 1961 ; Artículo 85 del decreto legislativo 1748 ; Ley del servicio civil.
260 ## - PUBLICACIÓN, DISTRIBUCIÓN, ETC.
Lugar de publicación, distribución, etc. Guatemala :
Nombre del editor, distribuidor, etc. J. Pineda Ibarra :
-- Ministerio de Educación,
Fecha de publicación, distribución, etc. 1979.
300 ## - DESCRIPCIÓN FÍSICA
Extensión 59 p.
650 #4 - ASIENTO SECUNDARIO DE MATERIA - TERMINO TEMATICO
Término de materia o nombre geográfico como elemento de entrada EDUCACION -
Subdivisión general LEYES Y LEGISLACION -
Subdivisión geográfica GUATEMALA
9 (RLIN) 17490
905 ## - TIPO DE MATERIAL
Tipo de material Libro
Holdings
Estado de retiro Estado de pérdida Fuente del sistema de clasificación o colocación Estado dañado No para préstamo Código de colección Localización permanente Ubicación/localización actual Ubicación en estantería Total de préstamos Clasificación Código de barras Fecha visto por última vez Fecha del último préstamo Número de copia Tipo de ítem Koha
    Library of Congress Classification     Colección General Bib. Gregorio Torres Quintero Bib. Gregorio Torres Quintero Planta baja 3 LC1144 G9 B3 63472 04/11/2024 21/10/2024 1 Libro